| 000 | 00355nam a2200133Ia 4500 | ||
|---|---|---|---|
| 008 | 240624s9999 xx 000 0 und d | ||
| 041 | _aeng | ||
| 082 | _a658.16 ARO | ||
| 100 | _aARONOFF CRAIG E | ||
| 245 | _aFROM SIBLINGS TO COUSINS PROSPERING IN T | ||
| 260 |
_c2011 _aLondon _bPalgrave Macmillan |
||
| 300 | _avi, : 99 : p. : cm. ; 20 | ||
| 365 |
_c _b26 |
||
| 999 |
_c20789 _d20789 |
||